Tâm lý học xã hội /
Gorde:
| Egile nagusia: | |
|---|---|
| Beste egile batzuk: | |
| Formatua: | Sách giấy |
| Hizkuntza: | Vietnamese English |
| Argitaratua: |
H. :
Từ điển Bách khoa,
2010.
|
| Gaiak: | |
| Etiketak: |
Etiketa erantsi
Etiketarik gabe, Izan zaitez lehena erregistro honi etiketa jartzen!
|
| Thư viện lưu trữ: | Thư viện Trường Đại học Đà Lạt |
|---|
| LEADER | 01605nam a2200325 4500 | ||
|---|---|---|---|
| 001 | DLU120132155 | ||
| 005 | ##20120227 | ||
| 040 | # | # | |a DLU |b vie |
| 041 | # | # | |a vie |h eng |
| 044 | # | # | |a vn |
| 082 | # | # | |a 302 |b LA-K |
| 100 | # | # | |a Larsen, Knud S. |
| 245 | # | # | |a Tâm lý học xã hội / |c Knud S. Larsen, Lê Văn Hảo. |
| 260 | # | # | |a H. : |b Từ điển Bách khoa, |c 2010. |
| 300 | # | # | |a 491 tr. ; |c 27 cm. |
| 504 | # | # | |a Tài liệu tham khảo: tr. 386-478. |
| 505 | # | # | |a Chương 1. Chuyên ngành tâm lý học xã hội -- Chương 2. Cái tôi nhìn từ góc độ văn hoá và xã hội -- Chương 3. Các mối quan hệ: Từ gắn bó đầu đời đến tình yêu lứa đôi -- Chương 4. Nhận thức xã hội: Chúng ta nghĩ về cuộc sống như thế nào -- Chương 5. Thái độ và hành vi -- Chương 6. Ảnh hưởng của nhóm -- Chương 7. Quá trình nhóm: a dua, tuân thủ và phục tùng -- Chương 8. Thuyết phục -- Chương 9. Hành vi liên nhóm thù địch: định khuôn, định kiến và kỳ thị -- Chương 10. Xâm kích: sợi chỉ xuyên suốt quá trình phát triển của nhân loại -- Chương 11. Vị tha và hành vi ủng hộ xã hội -- Chương 12. Đạo lý: cạnh tranh, công bằng và hợp tác. |
| 650 | # | # | |a Tâm lý học xã hội. |
| 700 | # | # | |a Lê Văn Hảo. |
| 923 | # | # | |a 18/2011 |
| 991 | # | # | |a SH |
| 992 | # | # | |a 185000 |
| 994 | # | # | |a DLU |
| 900 | # | # | |a True |
| 911 | # | # | |a Nguyễn Thanh Hương |
| 925 | # | # | |a G |
| 926 | # | # | |a A |
| 927 | # | # | |a SH |
| 980 | # | # | |a Thư viện Trường Đại học Đà Lạt |